Major US Cities in the Sun Belt - Statistics

General Stats
  • This quiz has been taken 53 times
  • The average score is 12 of 15
Answer Stats
Population City % Correct
7,233,323 Dallas
98%
6,772,470 Houston
98%
13,310,447 Los Angeles
96%
4,661,537 Phoenix
94%
6,066,387 Miami
92%
2,429,609 San Antonio
92%
2,056,405 Austin
90%
3,032,171 Tampa
90%
2,441,257 Orlando
88%
5,789,700 Atlanta
86%
2,155,664 Las Vegas
86%
3,317,749 San Diego
86%
2,474,314 Charlotte
55%
1,978,816 San Jose
47%
4,527,837 Riverside
41%
No matching quizzes found
Score Distribution
Percent of People with Each Score
Percentile by Number Answered
Your Score History
You have not taken this quiz